effect of conservation agriculture system on soil aggregate associated organic carbon ,ឥទិ្ធពលនៃប្រព័ន្ធកសិកម្មអភិរក្សលើកាបូនសរីរាង្គក្នុងអាហ្រ្គីហ្គេតដី (Record no. 16926)

000 -LEADER
fixed length control field 00678nam a22001577a 4500
003 - CONTROL NUMBER IDENTIFIER
control field OSt
005 - DATE AND TIME OF LATEST TRANSACTION
control field 20180704150625.0
008 - FIXED-LENGTH DATA ELEMENTS--GENERAL INFORMATION
fixed length control field 180704b xxu||||| |||| 00| 0 eng d
040 ## - CATALOGING SOURCE
Transcribing agency RUA
082 ## - DEWEY DECIMAL CLASSIFICATION NUMBER
Classification number AGR HAN 2017 B601 Or.1
100 ## - MAIN ENTRY--PERSONAL NAME
9 (RLIN) 12842
Personal name HAN SOCHEAT,ហាន សុជាតិ
245 ## - TITLE STATEMENT
Title effect of conservation agriculture system on soil aggregate associated organic carbon ,ឥទិ្ធពលនៃប្រព័ន្ធកសិកម្មអភិរក្សលើកាបូនសរីរាង្គក្នុងអាហ្រ្គីហ្គេតដី
260 ## - PUBLICATION, DISTRIBUTION, ETC. (IMPRINT)
Place of publication, distribution, etc. phnom penh
Name of publisher, distributor, etc. RUA
Date of publication, distribution, etc. 2017
300 ## - PHYSICAL DESCRIPTION
Extent ix;28p;
Other physical details ill;
Dimensions 29cm;
942 ## - ADDED ENTRY ELEMENTS (KOHA)
Source of classification or shelving scheme
Koha item type AGR
Holdings
Price effective from Date last seen Permanent Location Not for loan Date acquired Source of classification or shelving scheme Koha item type Lost status Withdrawn status Date last checked out Total Checkouts Shelving location Damaged status Barcode Current Location Full call number
2018-07-042019-12-25Library Block B 2018-07-04 AGR  2019-12-133B601 A31173Library Block BAGR HAN 2017 B601 Or.1
2018-07-042025-02-04Library Block B 2018-07-04 AGR  2025-01-172B601 A32244Library Block BAGR HAN 2017 B601 Or.2
2018-07-042022-11-04Library Block B 2018-07-04 AGR  2022-10-252B601 A31129Library Block BAGR HAN 2017 B601 Or.3
2018-07-042023-07-06Library Block B 2018-07-04 AGR  2023-06-146B601 A31630Library Block BAGR HAN 2017 B601 Or.4
2018-07-042024-02-05Library Block B 2018-07-04 AGR  2023-09-124B601 A31119Library Block BAGR HAN 2017 B601 Or.5
2018-07-042019-12-25Library Block B 2018-07-04 AGR  2019-12-111B601 A31650Library Block BAGR HAN 2017 B601 Or.6
2018-07-042024-07-31Library Block B 2018-07-04 AGR  2024-07-243B601 A31388Library Block BAGR HAN 2017 B601 Or.7
2018-07-042020-05-12Library Block B 2018-07-04 AGR  2020-03-063B601 A31502Library Block BAGR HAN 2017 B601 Or.8
មជ្ឈមណ្ឌលឯការនៃសាកលវិទ្យាល័យភូមិន្ទកសិកម្មចំការដូង

Powered by Koha